Comparative democracy and democratization (Record no. 2463)
[ view plain ]
| 000 -LEADER | |
|---|---|
| fixed length control field | 00687nam a22002057a 4500 |
| 003 - CONTROL NUMBER IDENTIFIER | |
| control field | OSt |
| 005 - DATE AND TIME OF LATEST TRANSACTION | |
| control field | 20210712063954.0 |
| 008 - FIXED-LENGTH DATA ELEMENTS--GENERAL INFORMATION | |
| fixed length control field | 210712b ||||| |||| 00| 0 eng d |
| 020 ## - INTERNATIONAL STANDARD BOOK NUMBER | |
| International Standard Book Number | 9780534613006 |
| 040 ## - CATALOGING SOURCE | |
| Transcribing agency | ALUPE UNIVERSITY |
| 050 ## - LIBRARY OF CONGRESS CALL NUMBER | |
| Classification number | JC421 |
| Item number | .C57 2004 |
| 100 ## - MAIN ENTRY--PERSONAL NAME | |
| Personal name | Howard J Wiarda |
| 245 ## - TITLE STATEMENT | |
| Title | Comparative democracy and democratization |
| 250 ## - EDITION STATEMENT | |
| Edition statement | Print book |
| Remainder of edition statement | : English |
| 260 ## - PUBLICATION, DISTRIBUTION, ETC. | |
| Place of publication, distribution, etc. | Mason, Ohio |
| Name of publisher, distributor, etc. | Cengage Learning |
| Date of publication, distribution, etc. | c2008 |
| 300 ## - PHYSICAL DESCRIPTION | |
| Extent | ix, 182 pages : |
| Other physical details | 1 map ; |
| Size of unit | 24 cm |
| 500 ## - GENERAL NOTE | |
| General note | indexes included |
| 650 ## - SUBJECT ADDED ENTRY--TOPICAL TERM | |
| Source of heading or term | Democracy -- History -- 20th century. Democratization -- History -- 20th century. Comparative government. |
| 942 ## - ADDED ENTRY ELEMENTS (KOHA) | |
| Source of classification or shelving scheme | |
| Koha item type | Book |
| Suppress in OPAC | DO |
| Withdrawn status | Lost status | Source of classification or shelving scheme | Damaged status | Not for loan | Permanent Location | Current Location | Shelving location | Date acquired | Total Checkouts | Full call number | Barcode | Date last seen | Price effective from | Koha item type | Public note |
|---|---|---|---|---|---|---|---|---|---|---|---|---|---|---|---|
| AU LIBRARY | AU LIBRARY | Open Shelf | 12.07.2021 | JC421 .C57 2004 | 28002683 | 12.07.2021 | 12.07.2021 | Book | DO |